000 nam a22 7a 4500
999 _c8418
_d8418
008 180116b ||||| |||| 00| 0 eng d
100 _94819
_aARIHANT PRAKASHAN
245 _aSOCIAL SCIENCE-7
260 _aMEERAT
_bARIHANT
_c2015